Resource recovery and recycling from metallurgical wastes

Αποθηκεύτηκε σε:
Λεπτομέρειες βιβλιογραφικής εγγραφής
Κύριος συγγραφέας: Rao, S. Ramachandra
Μορφή: Βιβλίο
Γλώσσα:English
Δημοσίευση: Amsterdam : Elsevier, 2006
Σειρά:Waste management series (Pergamon (Firm)) ; 7
Θέματα:
Ετικέτες: Προσθήκη ετικέτας
Δεν υπάρχουν, Καταχωρήστε ετικέτα πρώτοι!

MARC

LEADER 00000nam a2200000 i 4500
001 1/84040
008 080507s2006 eng d
020 |a 978-0-08-045131-2 
020 |a 0-08-045131-4 
035 |l 10097088 
040 |a GR-MY-UA  |b gre  |e aacr 
041 0 |a eng 
082 0 |a 628.4458  |2 (22) 
100 1 |a Rao, S. Ramachandra. 
245 1 0 |a Resource recovery and recycling from metallurgical wastes /  |c by S. Ramachandra Rao 
260 |a Amsterdam :   |b Elsevier,   |c 2006 
300 |a xxi, 557 σ.;  |b εικ., πίν.;  |c 25 εκ. 
490 1 |a Waste management series  |v ; 7 
504 |a Βιβλιογραφία: σ. 509-545 
504 |a Ευρετήριο: σ. 547-557 
650 0 0 |a Scrap metals  |x Recycling. 
650 0 0 |a Recycling (Waste, etc.) 
830 0 |a Waste management series (Pergamon (Firm))  |v ; 7 
852 |a INST  |b LESVOS  |e 20080507  |h 628.4458 RAO  |p 005100038589  |q 005100038589  |t BK  |y 0 
901 |a BIBL1-2008-2 
909 |a Λ  |b 143011 
922 |a 1ΕΛΗ  |b 200712  |c ΕΠΕΑΕΚ2/ΤΠ  |d ΠΑΠΑΣΩΤΗΡΙΟΥ 
970 |a ΓΙΑΛΑΜΑ  |b ΜΑΡΙΑ  |z 2008/05/07